| 000 | 00606aam a2200241 4500 | ||
|---|---|---|---|
| 005 | 20240523161543.0 | ||
| 008 | 150306b xxu||||| |||| 00| 0 spa d | ||
| 020 | _a9788434228894 | ||
| 041 | _aESP | ||
| 082 | _a746.412 H557c | ||
| 100 |
_aHernández, Caterina _914833 |
||
| 100 | _aPascual, Eva | ||
| 245 | _aCestería: las técnicas de la cestería explicadas paso a paso | ||
| 260 | _aEspaña | ||
| 260 | _bParramón | ||
| 260 | _c2006 | ||
| 300 | _a144 páginas | ||
| 650 | _aCESTERÍA | ||
| 650 | _aHERRAMIENTAS | ||
| 650 | _aTÉCNICAS BÁSICAS | ||
| 942 |
_cBK _2ddc |
||
| 999 |
_c3712 _d3712 |
||